Zaokrúhľovanie daní a prepočet cudzej meny
Prepočet cudzej meny z pohľadu jednoduchého a podvojného účtovníctva. Jednotný systém zaokrúhľovania pri prepočte a výpočte daní od 1.1.2020. Valutová pokladnica, devízový účet, pohľadávky a záväzky v cudzej mene.
Uložené v:
| Hlavný autor: | |
|---|---|
| Médium: | Kapitola |
| Jazyk: | Slovak |
| Predmet: | |
| Tagy: |
Žiadne tagy, Buďte prvý, kto otaguje tento záznam!
|
MARC
| LEADER | 00000naa a2200000 4500 | ||
|---|---|---|---|
| 001 | 0278600 | ||
| 005 | 20250709102601.2 | ||
| 041 | 0 | |a slo | |
| 044 | |a SK | ||
| 245 | 1 | 0 | |a Zaokrúhľovanie daní a prepočet cudzej meny |c Jana Böszörmenyi |
| 520 | |a Prepočet cudzej meny z pohľadu jednoduchého a podvojného účtovníctva. Jednotný systém zaokrúhľovania pri prepočte a výpočte daní od 1.1.2020. Valutová pokladnica, devízový účet, pohľadávky a záväzky v cudzej mene. | ||
| 610 | 2 | 0 | |a účtovníctvo jednoduché |
| 610 | 2 | 0 | |a účtovníctvo podvojné |
| 610 | 2 | 0 | |a dane |
| 610 | 2 | 0 | |a mena |
| 610 | 2 | 0 | |a euro |
| 610 | 2 | 0 | |a záväzky |
| 610 | 2 | 0 | |a pohľadávky |
| 610 | 2 | 0 | |a zákony |
| 100 | 1 | |a Böszörményi, Jana | |